| Tag |
First Indicator |
Second Indicator |
Subfields |
| LEADER |
00000cam a2200000 a 4500 |
| 001 |
in00000082035 |
| 005 |
20151008055454.0 |
| 008 |
810824s1980 gw g b 00100 ger |
| 010 |
|
|
|a 80148377
|
| 015 |
|
|
|a GFR80-A
|
| 020 |
|
|
|a 3534078330 :
|c DM99.00
|
| 035 |
|
|
|a (OCoLC)07835512
|
| 035 |
|
|
|9 AAJ3554AM
|
| 039 |
0 |
|
|a 2
|b 3
|c 3
|d 3
|e 3
|
| 040 |
|
|
|a DLC
|c DLC
|d TXA
|d UtOrBLW
|
| 041 |
0 |
|
|a ger
|a fre
|
| 049 |
|
|
|a TXAM
|c [1672840]
|
| 050 |
0 |
0 |
|a PQ1860
|b .M55
|
| 082 |
0 |
|
|a 842/.4
|2 19
|
| 245 |
0 |
0 |
|a Moliere /
|c herausgegeben von Renate Baader.
|
| 264 |
|
1 |
|a Darmstadt :
|b Wissenschaftliche Buchgesellschaft,
|c 1980.
|
| 300 |
|
|
|a vi, 523 pages :
|b music ;
|c 20 cm.
|
| 336 |
|
|
|a text
|b txt
|2 rdacontent
|
| 337 |
|
|
|a unmediated
|b n
|2 rdamedia
|
| 338 |
|
|
|a volume
|b nc
|2 rdacarrier
|
| 490 |
1 |
|
|a Wege der Forschung,
|v Bd. 261
|
| 500 |
|
|
|a French or German.
|
| 500 |
|
|
|a Includes indexes.
|
| 504 |
|
|
|a Discography: page 497.
|
| 504 |
|
|
|a Bibliography: pages [501]-509.
|
| 600 |
0 |
0 |
|a Molière,
|d 1622-1673
|x Criticism and interpretation.
|
| 700 |
1 |
|
|a Baader, Renate.
|
| 830 |
|
0 |
|a Wege der Forschung ;
|v Bd. 261.
|
| 999 |
|
|
|a MARS
|
| 999 |
f |
f |
|s 53747bc2-df25-39c7-a361-a92635d34000
|i b9313fc4-885a-3ba7-ace6-fd702045ea3c
|t 0
|
| 952 |
f |
f |
|p normal
|a Texas A&M University
|b College Station
|c Sterling C. Evans Library
|d Evans: Library Stacks
|t 0
|e PQ1860 .M55
|h Library of Congress classification
|i unmediated -- volume
|m A14806180384
|
| 998 |
f |
f |
|a PQ1860 .M55
|t 0
|l Evans: Library Stacks
|